<?xml version="1.0" encoding="UTF-8"?>
<collection xmlns:xsi="http://www.w3.org/2001/XMLSchema-instance" xsi:schemaLocation="http://www.loc.gov/MARC21/slim http://www.loc.gov/standards/marcxml/schema/MARC21slim.xsd" xmlns="http://www.loc.gov/MARC21/slim">
 <record>
  <leader>00000ctm a22000004a 4500</leader>
  <controlfield tag="001">UP-99796217603116371</controlfield>
  <controlfield tag="003">Buklod</controlfield>
  <controlfield tag="005">20230503092542.0</controlfield>
  <controlfield tag="006">m    |o  d |      </controlfield>
  <controlfield tag="007">ta</controlfield>
  <controlfield tag="008">070718s2003    xx      r    |||| u|eng d</controlfield>
  <datafield tag="035" ind1=" " ind2=" ">
   <subfield code="a">(iLib)UPD-00000179815</subfield>
  </datafield>
  <datafield tag="040" ind1=" " ind2=" ">
   <subfield code="a">DENGII</subfield>
  </datafield>
  <datafield tag="041" ind1=" " ind2=" ">
   <subfield code="a">eng</subfield>
  </datafield>
  <datafield tag="090" ind1=" " ind2=" ">
   <subfield code="a">LG 993.5 2003 C65</subfield>
   <subfield code="b">B45</subfield>
  </datafield>
  <datafield tag="100" ind1="1" ind2=" ">
   <subfield code="a">Bejerasco, Christine</subfield>
  </datafield>
  <datafield tag="245" ind1="1" ind2="0">
   <subfield code="a">OpenOffice.org viewer</subfield>
   <subfield code="c">Christine Bejerasco, Cipriano C. Consolacion Jr., Raquel dlR. Tarroza.</subfield>
  </datafield>
  <datafield tag="264" ind1=" " ind2="1">
   <subfield code="c">2003.</subfield>
  </datafield>
  <datafield tag="300" ind1=" " ind2=" ">
   <subfield code="a">vii, 65 leaves +</subfield>
   <subfield code="e">1 computer laser optical disc.</subfield>
  </datafield>
  <datafield tag="502" ind1=" " ind2=" ">
   <subfield code="a">Thesis (B.S. Computer Science)--University of the Philippines Diliman.</subfield>
  </datafield>
  <datafield tag="520" ind1=" " ind2=" ">
   <subfield code="a">In June 2002, Sun Microsystems introduced an open source project called OpenOffice.org. Being a unified office productivity suite, it is interoperable with already existing office applications and has installation packages for Windows, Linux, Solaris and Mac-OS. However, if you are not an OpenOffice.org user and have no plans of installing the application, how can you view native OOo filen What if you are a multiple system user, should you have different OpenOffice.org installations just to view filesn What if the recipients of your emails are not OpenOffice.org users, is there no way to send OOo native files without the dilemma in viewing themn A solution to these problems is the creation of an OpenOffice.org Viewer, which is capable of viewing OOo native files, is platform independent and is small enough to be attached with emails. Is the creation of this kind of application feasiblen The answer is yes. With the aid of the Java technology, the researchers were able to create a stand-alone application meeting the requirements of the proposed solution. Using Java 2 SDK 1.4.0_ 01 and the integrated XML Parsing API (JAXP), the application can open OOo Writer, OOo Calc and OOo Impress files. It is platform independent and is small enough to be attached with emails. The application boasts of capabilities such as:a save-as function, a copy - paste function, a find word function, a zoom function, a customized pop-up menu, a full screen function, and a print function. At less than 500 KB, the OpenOffice.org Viewer is the answer to the OpenOffice.org dilemma.</subfield>
  </datafield>
  <datafield tag="650" ind1=" " ind2="0">
   <subfield code="a">Software compatibility.</subfield>
  </datafield>
  <datafield tag="650" ind1=" " ind2="0">
   <subfield code="a">OpenOffice.org (Electronic resource).</subfield>
  </datafield>
  <datafield tag="653" ind1=" " ind2=" ">
   <subfield code="a">Openoffice.org viewer (Computer program).</subfield>
  </datafield>
  <datafield tag="700" ind1="1" ind2=" ">
   <subfield code="a">Consolacion, Cipriano Jr. C.</subfield>
  </datafield>
  <datafield tag="700" ind1="1" ind2=" ">
   <subfield code="a">Tarroza, Raquel dlR.</subfield>
  </datafield>
  <datafield tag="842" ind1=" " ind2=" ">
   <subfield code="a">Thesis</subfield>
  </datafield>
  <datafield tag="905" ind1=" " ind2=" ">
   <subfield code="a">FI</subfield>
  </datafield>
  <datafield tag="905" ind1=" " ind2=" ">
   <subfield code="a">UP</subfield>
  </datafield>
  <datafield tag="852" ind1="0" ind2=" ">
   <subfield code="a">UPD</subfield>
   <subfield code="b">DENG-II</subfield>
   <subfield code="h">LG 993.5 2003 C65</subfield>
   <subfield code="i">B45</subfield>
  </datafield>
  <datafield tag="942" ind1=" " ind2=" ">
   <subfield code="a">Thesis</subfield>
  </datafield>
 </record>
</collection>
